Discursos leídos en la Real Academia de Buenas Letras de Barcelona en la solemne recepción pública del Excmo. Sr. D. Luis Faraudo de Saint-Germain, el día 12 de junio de 1941
Descripción Física:
70 p. ; 26 cm
MARC
| LEADER | 00000nam a2200000Ia 4500 | ||
|---|---|---|---|
| 001 | 6173 | ||
| 008 | 160829s1941 xx 000 0 cat d | ||
| 080 | |a L-1-333 | ||
| 100 | 1 | |a Faraudo de Saint-Germain, Luis, |d 1867-1957 |9 24132 | |
| 245 | |a Discursos leídos en la Real Academia de Buenas Letras de Barcelona en la solemne recepción pública del Excmo. Sr. D. Luis Faraudo de Saint-Germain, el día 12 de junio de 1941 | ||
| 260 | |a Barcelona : |b Real Academia de Buenas Letras, |c 1941 | ||
| 300 | |a 70 p. ; |c 26 cm | ||
| 710 | 2 | |a Reial Acadèmia de Bones Lletres de Barcelona |9 53064 | |
| 901 | |a Arxiu | ||
| 942 | |n 1 | ||
| 952 | |0 0 |1 0 |4 0 |6 L1333 |7 1 |9 42993 |a Arxiu |b Arxiu |d 2016-12-01 |l 0 |o L-1-333 |p 6173 |r 2016-12-01 00:00:00 |w 2016-12-01 |y ARXIU | ||
| 999 | |c 45536 |d 45536 | ||